It looks like you're offline.
Open Library logo
additional options menu

MARC record from Internet Archive

LEADER: 00879pam a2200265 a 4500
001 90014211
003 DLC
005 19910517112329.2
008 900824s1991 nju b 00110 eng
010 $a 90014211
020 $a0137618263 (pbk.)
020 $a0137537654
040 $aDLC$cDLC$dDLC
050 00 $aP53.75$b.S9 1991
082 00 $a418/.007$220
100 10 $aSwaffar, Janet K.
245 10 $aReading for meaning :$ban integrated approach to language learning /$cJanet Swaffar, Katherine Arens, Heidi Byrnes.
260 0 $aEnglewood Cliffs, N.J. :$bPrentice Hall,$cc1991.
300 $aviii, 264 p. ;$c23 cm.
504 $aIncludes bibliographical references (p. 241-259) and index.
650 0 $aLanguage and languages$xStudy and teaching.
650 0 $aSecond language acquisition.
650 0 $aReading.
700 10 $aArens, Katherine,$d1953-
700 10 $aByrnes, Heidi.